000 00389nam a2200169Ia 4500
001 2943
003 IN-NITTTR
005 20251114232938.0
008 251113s9999||||xx |||||||||||||| ||eng||
040 _beng
040 _cIN-NITTTR
041 _aeng
082 _a629.8 D447A
100 _aDeRoy, Benjamin E
245 0 _aAutomatic control theory /
_cDeRoy, Benjamin E
942 _2ddc
_cBK
999 _c4738
_d4738